banner koha

Comportamento do consumidor de produtos orgânicos: uma análise na perspectiva da teoria da cadeia de meios e fins (Registro n. 69195)

MARC details
000 -LÍDER
campo de controle de tamanho fixo 01017nam a22003257a 4500
001 - NÚMERO DE CONTROLE
campo de controle BR0601444
003 - IDENTIFICADOR DO NÚMERO DE CONTROLE
campo de controle BR-BrBNA
005 - DATA E HORÁRIO DA ÚLTIMA TRANSAÇÃO
campo de controle 20230928102118.0
007 - CAMPO FIXO DE DESCRIÇÃO FÍSICA--INFORMAÇÃO GERAL
campo de controle de tamanho fixo ta
008 - CAMPO DE DADOS FIXOS--INFORMAÇÃO GERAL
campo de controle de tamanho fixo 230509b bl.||||| |||| 00| 0 por d
040 ## - FONTE DA CATALOGAÇÃO
Instituição da catalogação original BR-BrBNA
Idioma da catalogação por
Instituição que transcreveu o registro Biblioteca Nacional de Agricultura
041 ## - CÓDIGO DE IDIOMA
Código do idioma do texto/trilha sonora ou título diferente (Por)
072 ## - CÓDIGO DE CATEGORIA DE ASSUNTO
Código de Categoria de Assunto E73; E70
090 ## - NÚMERO DE CHAMADA LOCAL
-- E73 BR0601444
100 1# - ENTRADA PRINCIPAL--NOME PESSOAL
Nome pessoal Vilas Boas, L.H. de B.
110 1# - ENTRADA PRINCIPAL--NOME CORPORATIVO
Nome corporativo ou nome da jurisdição Universidade Federal de Lavras, MG (Brasil)
Grau Universitário Tese (Doutorado)
245 1# - TÍTULO
Título Comportamento do consumidor de produtos orgânicos: uma análise na perspectiva da teoria da cadeia de meios e fins
260 3# - PUBLICAÇÃO, DISTRIBUIÇÃO, ETC.
Local de publicação, distribuição, etc. Lavras, MG (Brasil):
Data da publicação, distribuição, etc. 2005.
300 ## - DESCRIÇÃO FÍSICA
Extensão 222 p.
500 ## - NOTA GERAL
Nota geral Summaries (Eng, Por); Bibliography p. 196-206; 22 tables; 12 illus.
650 ## - ASSUNTO--TERMO TÓPICO
Cabeçalho tópico ou nome geográfico PRODUTO
650 ## - ASSUNTO--TERMO TÓPICO
Cabeçalho tópico ou nome geográfico AGRICULTURA ORGÂNICA
650 ## - ASSUNTO--TERMO TÓPICO
Cabeçalho tópico ou nome geográfico PADRÃO DE ALIMENTO
650 ## - ASSUNTO--TERMO TÓPICO
Cabeçalho tópico ou nome geográfico CONSUMO ALIMENTAR
650 ## - ASSUNTO--TERMO TÓPICO
Cabeçalho tópico ou nome geográfico CONSUMIDOR
650 ## - ASSUNTO--TERMO TÓPICO
Cabeçalho tópico ou nome geográfico MERCADO
650 ## - ASSUNTO--TERMO TÓPICO
Cabeçalho tópico ou nome geográfico HÁBITO ALIMENTAR
909 ## -
-- 202309
-- Lucia
-- 55
-- Lucia Elande
942 ## - ELEMENTOS DE ENTRADA ADICIONADOS (KOHA)
Tipo de material Koha Livros
Exemplares
Situação do descarte Fonte da classificação ou esquema de arquivamento na estante Situação física Não pode ser emprestado Coleção Biblioteca de origem Biblioteca atual Total de empréstimos Número de telefone completo Código de barras Data de último acesso Número do exemplar Tipo de material Koha Situação das perdas Data de aquisição Fonte de aquisição
  Classificação AGRIS       Biblioteca Nacional de Agricultura - Binagri Biblioteca Nacional de Agricultura - Binagri   E73 BR0601444 E73 BR0601444 25/09/2023 01 Livros   2023-09-25 Portaria Interministerial nº 164/94

BINAGRI

Telefone: (61)3218-2567/2388/3357/2097 - binagri@agro.gov.br

Ministério da Agricultura e Pecuária , Esplanada dos Ministérios, Bloco D, Anexo B, Brasília/DF, CEP: 70.043-900